Challenges of climate change : (Record no. 39226)

MARC details
000 -LEADER
fixed length control field 00856nam a22002417a 4500
005 - DATE AND TIME OF LATEST TRANSACTION
control field 20100804135624.0
010 ## - LCCN (DPL NO)
LC control number ENG-98048
020 ## - INTERNATIONAL STANDARD BOOK NUMBER
International Standard Book Number 9788185873558
Terms of availability 795.00
035 ## - SYSTEM CONTROL NUMBER
System control number EN-81581
037 ## - SOURCE OF ACQUISITION
Source of stock number/acquisition DBAD/PUB
082 ## - DEWEY DECIMAL CLASSIFICATION NUMBER
Classification number 363.73874
100 ## - MAIN ENTRY--PERSONAL NAME
Personal name Singh, H. P.
245 ## - TITLE STATEMENT
Title Challenges of climate change :
Remainder of title Indian horticulture /
Statement of responsibility, etc by H. P. Singh, J. P. Singh [and] S. S. Lal
260 ## - PUBLICATION, DISTRIBUTION, ETC. (IMPRINT)
Place of publication, distribution, etc New Delhi
Name of publisher, distributor, etc Westville Publishing House
Date of publication, distribution, etc 2010
270 ## - ADDRESS
Address 47, B-5, Paschim Vihar
City New Delhi
Postal code 110063
300 ## - PHYSICAL DESCRIPTION
Extent xiv,210p.:
Other physical details ill.
Dimensions 25cm (Hb)
500 ## - GENERAL NOTE
General note Include index
650 ## - SUBJECT ADDED ENTRY--TOPICAL TERM
Topical term or geographic name as entry element Climate Change
700 ## - ADDED ENTRY--PERSONAL NAME
Personal name H. P. Singh
9 (RLIN) 6024
700 ## - ADDED ENTRY--PERSONAL NAME
Personal name S. S. Lal
9 (RLIN) 6025
942 ## - ADDED ENTRY ELEMENTS (KOHA)
Source of classification or shelving scheme Dewey Decimal Classification
Item type English Books
Classification part 363.73874
Call number suffix SIN
Holdings
Withdrawn status Lost status Not for loan Collection code Home library Current library Date acquired Source of acquisition Cost, normal purchase price Full call number Barcode Copy number Cost, replacement price Koha item type
    Not For Loan Non-fiction D.B.Act.Division D.B.Act.Division 04/08/2010 DBAD/PUB 795.00 363 SIN EN-81581 1 795.00 English Books

© Delhi Public Library
Hit Counter
free hit counter